| 000 | 00358nam a22001457a 4500 | ||
|---|---|---|---|
| 082 |
_aH1 _bSHA/A |
||
| 100 | _aSharath Chandra Shenay | ||
| 245 |
_aAntharnad/ _cby Sharath Chandra Shenay |
||
| 260 |
_aMadurai: _bJawahar Pusthakalay, _c2001. |
||
| 300 | _a96p. | ||
| 650 | _aPoetry Hindi | ||
| 650 | _aLiterature Hindi | ||
| 650 | _aLiterature | ||
| 942 | _cBK | ||
| 999 |
_c72066 _d72066 |
||